ბათუმის შოთა რუსთაველის სახელმწიფო უნივერსიტეტის ბიბლიოთეკა

არაორგანული მასალათმცოდნეობისა და მეტალურგიის ტერმინთა განმარტებითი ლექსიკონი = Толковый словарь по неорганическому материаловедению и металлургии = Explanatory dictionary on non-organic materials science and metallurgy : (ბიბ.ჩანაწერი № 36873)

000 -ლიდერი
ფიქსირებული სიგრძის საკონტროლო ველი 02305nam a2200313Ia 4500
001 - საკონტროლო ნომერი
საკონტროლო ველი 2823
003 - საკონტროლო ნომრის იდენტიფიკატორი
საკონტროლო ველი GE_BSU
005 - ბოლო ოპერაციის თარიღი და დრო
საკონტროლო ველი 20190610190554.0
008 - ფიქსირებული სიგრძის მონაცემთა ელემენტები - ზოგადი ინფორმაცია
ფიქსირებული სიგრძის საკონტროლო ველი 181216s2008||||ge |||||||||||||| ||geo||
020 ## - წიგნის საერთაშორისო სტანდარტული ნომერი
International Standard Book Number 979941009099
040 ## - კატალოგიზაციის წყარო
Transcribing agency GE_BSU
041 ## - ენის კოდი
Language code of text/sound track or separate title geo
080 ## - უნივერსალური ათობითი კლასიფიკაციის ინდექსი
Universal Decimal Classification number 81'374(038)21:691.21 + 81'374(038)26:546.3 + 81'374(038)26:661.8
100 ## - მთავარი ჩანაწერი - პიროვნების სახელი
Personal name შურაძე, ომარ
9 (RLIN) 2354
245 ## - ცნობა სათაურის შესახებ
Title არაორგანული მასალათმცოდნეობისა და მეტალურგიის ტერმინთა განმარტებითი ლექსიკონი = Толковый словарь по неорганическому материаловедению и металлургии = Explanatory dictionary on non-organic materials science and metallurgy :
Remainder of title ქართულ-რუსულ-ინგლისური : ძირითადი ტერმინები /
Statement of responsibility, etc შემდგ. ომარ შურაძე ; [რედ.: ინგა ჯიბუტი [და სხვ.] ; სსიპ-ფერდინანდ თავაძის მეტალურგიისა და მასალათმცოდნ. ინ-ტი, სსიპ-არნოლდ ჩიქობავას ენათმეცნ. ინ-ტი.
264 ## - წარმოების, გამოცემის, დისტრიბუციის და სხვა ცნობები
გამოცემის, წარმოების, დისტრიბუციის... ადგილი თბილისი :
გამოცემის, წარმოების, დისტრიბუციის... სახელწოდება საუნჯე,
გამოცემის, წარმოების, დისტრიბუციის... თარიღი 2008.
300 ## - ფიზიკური აღწერა
Extent 773 გვ. ;
Other physical details 22 სმ
504 ## - BIBLIOGRAPHY, ETC. NOTE
Bibliography, etc ბიბლიოგრ.: გვ. 774-775.
653 ## - INDEX TERM--UNCONTROLLED
Uncontrolled term ლექსიკონი
700 ## - ADDED ENTRY--PERSONAL NAME
Personal name შურაძე, ომარ
Relator term რედაქტორი
9 (RLIN) 2354
700 ## - ADDED ENTRY--PERSONAL NAME
Personal name ჯიბუტი, ინგა
Relator term რედაქტორი
9 (RLIN) 2355
700 ## - ADDED ENTRY--PERSONAL NAME
Personal name კოპალეიშვილი, ვასილ
Relator term რედაქტორი
9 (RLIN) 2356
700 ## - ADDED ENTRY--PERSONAL NAME
Personal name ლომსაძე, ზურაბ
Relator term რედაქტორი
9 (RLIN) 2357
700 ## - ADDED ENTRY--PERSONAL NAME
Personal name მიქაბერიძე, მანანა
Relator term რედაქტორი
9 (RLIN) 2358
700 ## - ADDED ENTRY--PERSONAL NAME
Personal name წერეთელი, ნუგზარ
Relator term რედაქტორი
9 (RLIN) 2359
710 ## - ADDED ENTRY--CORPORATE NAME
Corporate name or jurisdiction name as entry element მეტალურგიისა და მასალათმცოდნ. ინ-ტი
9 (RLIN) 2360
710 ## - ADDED ENTRY--CORPORATE NAME
Corporate name or jurisdiction name as entry element ენათმეცნ. ინ-ტი
9 (RLIN) 2361
942 ## - ADDED ENTRY ELEMENTS (KOHA)
Koha item type წიგნი
Source of classification or shelving scheme
ეგზემპლარები
ჩამოწერის სტატუსი დაკარგული ეგზემპლარის სტატუსი კლასიფიკაციის წყარო ან თაროზე გაწყობის სქემა დაზიანების სტატუსი არ გაიცემა მუდმივი მდებარეობა (დაცვის ადგილი) ამჟამინდელი ადგილსამყოფელი თაროზე განთავსების ადგილი შეძენის თარიღი სრული შენახვის შიფრი შტრიხკოდი ბოლო ოპერაციის თარიღი ეგზემპლარის მიმდევრობითი ნომერი (კეტერი?) ფასის ძალაში შესვლის თარიღი ეგზემპლარის სახეობა საჯარო შენიშვნა
          ბათუმის შოთა რუსთაველის სახელმწიფო უნივერსიტეტის მთავარი ბიბლიოთეკა ბათუმის შოთა რუსთაველის სახელმწიფო უნივერსიტეტის მთავარი ბიბლიოთეკა წიგნსაცავი 2018-12-17 81'374(038)21:691.21 + 81'374(038)26:546.3 + 81'374(038)26:661.8 შ–95 4775 2018-12-17 4775 2018-12-17 წიგნი